|
|
|
|
| LEADER |
00865nas a2200241 u 4500 |
| 001 |
10028381 |
| 003 |
upatras |
| 005 |
20210117195646.0 |
| 008 |
970219s1967 us q p eng |
| 952 |
|
|
|0 0
|1 0
|4 0
|7 0
|9 21925
|a LISP
|b LISP
|c SER
|d 2016-04-24
|i 1794
|l 0
|r 2016-04-24 00:00:00
|t 1
|w 2016-04-24
|y JNL
|
| 999 |
|
|
|c 13275
|d 13275
|
| 022 |
|
|
|a 0041-1655
|
| 040 |
|
|
|a GR-PaULI
|c GR-PaULI
|
| 041 |
0 |
|
|a eng
|
| 082 |
0 |
4 |
|a 388
|
| 222 |
|
0 |
|a Transportation science
|b [Περιοδικό]
|
| 245 |
1 |
0 |
|a Transportation science
|h [Περιοδικό]
|
| 260 |
|
|
|a Baltimore
|b Transportation Science Section of ORSA
|
| 310 |
|
|
|a Τριμηνιαίο
|
| 362 |
0 |
|
|a 31(1997) -
|
| 852 |
|
|
|a GR-PaULI
|b ΠΑΤΡΑ
|b ΒΚΠ
|b δ1
|k ΠΕΡ
|m 1794
|t 1
|3 31(1997)-
|3 Vol.33:No.4(1999:DEC)-Vol.47:No.4(2013:DEC)
|
| 866 |
|
|
|a 31(1997)-
|a Vol.33:No.4(1999:DEC)-Vol.47:No.4(2013:DEC)
|
| 942 |
|
|
|2 ddc
|s 1
|c JNL
|